| 000 | 01865nam a2200265Ia 4500 | ||
|---|---|---|---|
| 008 | 260220t1980||||xx |||||||||||||| ||spa|| | ||
| 020 | _a8437600243 | ||
| 040 |
_aPY-SlUNAC _bspa _erda |
||
| 041 | _aspa | ||
| 082 |
_a801.959 _bL457c |
||
| 100 |
_aLázaro Carreter, Fernando _eAutor |
||
| 245 | 0 |
_aComo se comenta un texto literario / _cpor Fernando Lázaro Carreter [Autor] y Correa Calderon Evaristo [Autor] |
|
| 264 |
_aMadrid : _bCátedra, _c℗1980. |
||
| 300 | _a1 volumen | ||
| 520 | _aEn "Como se comenta un texto literario", Fernando Lázaro Carreter ofrece una guía exhaustiva sobre la interpretación y análisis de obras literarias, destinada tanto a estudiantes como a profesores de literatura. A lo largo de sus páginas, el autor expone metodologías y herramientas críticas que permiten desentrañar los múltiples significados y valores estéticos de un texto. Carreter enfatiza la importancia del contexto cultural y social en el que se produce la obra, así como la relevancia de la voz del autor y la recepción del lector. Mediante ejemplos prácticos y un enfoque didáctico, el libro aborda diversas dimensiones del comentario literario, incluyendo la estructura narrativa, el uso del lenguaje y la construcción de personajes. La obra se convierte en un recurso fundamental para quienes desean profundizar en la crítica literaria, promoviendo un entendimiento más rico y matizado de las obras que se estudian. En suma, es un manual esencial para el análisis literario que combina rigor académico con accesibilidad. | ||
| 653 | _aAnálisis literario | ||
| 653 | _aCrítica literaria | ||
| 653 | _aLiteratura | ||
| 700 |
_aCorrea Calderon Evaristo _eAutor |
||
| 942 |
_b2026/02/17 _cBK |
||
| 999 |
_c8899 _d8899 |
||